| 000 | 00670nam a2200205 a 4500 | ||
|---|---|---|---|
| 001 | BRCA_1410 | ||
| 005 | 20190320203420.0 | ||
| 008 | 790108s1981 sp-a---##b---#000-0#spa-# | ||
| 020 | _a8423949591 | ||
| 050 | 4 |
_aDP203 _b.P34 1981 |
|
| 100 | 1 |
_aPalacio Atard, Vicente _94609 |
|
| 245 | 1 | 0 |
_aLa España del siglo XIX: 1808-1898 _b(introducción a la España contemporánea) _cVicente Palacio Atard. |
| 250 | _a2 ed | ||
| 260 |
_aMadrid _bEspasa-Calpe _c1981 |
||
| 300 |
_a728 p. _bil. _c23 cm. |
||
| 500 | _aIncluye tablas cronológicas e índice alfabético | ||
| 504 | _aBibliografía : p. [645]-660. | ||
| 651 | 4 |
_aEspaña _xHistoria _ySiglo XIX _94610 |
|
| 942 |
_2lcc _cB |
||
| 999 |
_c1272 _d1272 |
||